Manifiesto que la Junta de Gobierno de Galicia creada por el pueblo en 21 de febrero de 1821 para restablecer la constitución política : y compuesta .... tan grandioso objeto y compuesta .... tan grandioso objeto
Descripción Física:
50 p ; 21 cm
Materias:
Galícia -- Història -- S.XIX
MARC
| LEADER | 00000nam a2200000Ia 4500 | ||
|---|---|---|---|
| 001 | 16685 | ||
| 008 | 160829s1820 xx 000 0 cat d | ||
| 080 | |a H-2-288 | ||
| 245 | |a Manifiesto que la Junta de Gobierno de Galicia creada por el pueblo en 21 de febrero de 1821 para restablecer la constitución política : |b y compuesta .... tan grandioso objeto | ||
| 260 | |a Coruña : |b En la Oficina de D. Manuel María de Vila, |c 1820 | ||
| 300 | |a 50 p ; |c 21 cm | ||
| 590 | |a Prové de 25 | ||
| 650 | |a Galícia |x Història |x S.XIX |9 43508 | ||
| 901 | |a Arxiu | ||
| 942 | |n 1 | ||
| 952 | |0 0 |1 0 |4 0 |6 H2288 |7 1 |9 51478 |a Arxiu |b Arxiu |d 2016-12-01 |l 0 |o H-2-288 |p 16685 |r 2016-12-01 00:00:00 |w 2016-12-01 |y ARXIU | ||
| 999 | |c 55322 |d 55322 | ||